000 00791cab a2200229 4500
001 ABS43745
008 090401t1990 xxu||||| |||| 00| 0 eng d
035 _a(Sirsi) u43317
041 _aeng
245 _aGetting together
260 _c1990
350 _a0
490 _aFarm Development Review
_v5 (1) November 1990 1-8 (9) LOANS
520 _aThis issue of Farm Development Review looks at diversification of farm businesses including deer farming renting out farmland for leisure pursuits, sheep dairying and farmed-produced electricity through biomass production.
650 _aALTERNATIVE LAND USE
650 _aFRIZZEL COUNTRYSIDE
650 _aMILK PRODUCTION
650 _aWINE PRODUCTION REGULATIONS
690 _aRURAL PRACTICE
942 _n0
948 _c04/03/1997
999 _c27680
_d27680